Towards a new international economic order

Сохранить в:
Библиографические подробности
Формат:
Язык:Undetermined
Опубликовано: Guyana Commonwealth Experts 1975
Предметы:
Метки: Добавить метку
Нет меток, Требуется 1-ая метка записи!
Thư viện lưu trữ: Trung tâm Học liệu Trường Đại học Cần Thơ
LEADER 00479nam a2200169Ia 4500
001 CTU_81343
008 210402s9999 xx 000 0 und d
082 |a 382.1 
082 |b T737 
245 0 |a Towards a new international economic order 
245 0 |c Alister McIntyre 
260 |a Guyana 
260 |b Commonwealth Experts 
260 |c 1975 
650 |a International economic relations 
904 |i Trọng Hải 
980 |a Trung tâm Học liệu Trường Đại học Cần Thơ